Score 0/39 Timer 03:00
1 Play Today
% Correct
Gold
97.9%
Bronze
97.9%
Silver
97.8%
Roll
97.7%
John
97.5%
The Hunger Games
97.4%
Drop
97.3%
Robert
97%
Electron
97%
Neutron
96.9%
Proton
96.9%
Cindy
96.6%
Ted
96.6%
Excel
96.6%
Word
96.3%
PowerPoint
96.3%
Marcia
96.2%
Stop
96.2%
The Spy Who Shagged Me
96.1%
Kentucky Derby
95.9%
% Correct
International Man of Mystery
95.8%
Billie Joe Armstrong
95.8%
Texans
95.6%
Chocolate
95.6%
Jan
95.4%
Marshmallow
95.3%
Rockets
95.3%
Belmont Stakes
95.2%
Catching Fire
95%
Mockingjay
94.4%
Preakness Stakes
94.3%
Astros
93.9%
Mike Dirnt
93.8%
Goldmember
91.9%
Graham Cracker
91.3%
Una corda
90.6%
Sostenuto
89.7%
Damper
88.4%
Tré Cool
79.6%
Remove Ads.
Support Sporcle.
Get the best of Sporcle when you Go Orange. This ad-free experience offers more features, more stats, and more fun while also helping to support Sporcle. Thank you for becoming a member.

You're not logged in!

Compare scores with friends on all Sporcle quizzes.
OR
Log In

Show Comments

Extras

Top Quizzes Today


Score Distribution

Your Account Isn't Verified!

In order to create a playlist on Sporcle, you need to verify the email address you used during registration. Go to your Sporcle Settings to finish the process.

Report this User

Report this user for behavior that violates our Community Guidelines.

Details: